Effect of nitrogen fertilizer on cucumber yeild ឥទ្ធិពលនៃការប្រើប្រាស់កំរិតជីអាសូតខុសៗគ្នាទៅលើទិន្នផលដំណាំត្រសក់ (Record no. 1345)

000 -LEADER
fixed length control field 00604nam a22001577a 4500
003 - CONTROL NUMBER IDENTIFIER
control field OSt
005 - DATE AND TIME OF LATEST TRANSACTION
control field 20150927151921.0
008 - FIXED-LENGTH DATA ELEMENTS--GENERAL INFORMATION
fixed length control field 150927b xxu||||| |||| 00| 0 eng d
040 ## - CATALOGING SOURCE
Transcribing agency RUA
082 ## - DEWEY DECIMAL CLASSIFICATION NUMBER
Classification number AGR VEN 2011 B050 Or.1
100 ## - MAIN ENTRY--PERSONAL NAME
9 (RLIN) 1430
Personal name VENN, SAMPHORS
245 ## - TITLE STATEMENT
Title Effect of nitrogen fertilizer on cucumber yeild ឥទ្ធិពលនៃការប្រើប្រាស់កំរិតជីអាសូតខុសៗគ្នាទៅលើទិន្នផលដំណាំត្រសក់
260 ## - PUBLICATION, DISTRIBUTION, ETC. (IMPRINT)
Place of publication, distribution, etc. Phnom Penh
Name of publisher, distributor, etc. RUA
Date of publication, distribution, etc. 2011
300 ## - PHYSICAL DESCRIPTION
Extent x, 34p.
Other physical details ill.
Dimensions 29cm.
942 ## - ADDED ENTRY ELEMENTS (KOHA)
Source of classification or shelving scheme
Koha item type AGR
Holdings
Price effective from Date last seen Permanent Location Not for loan Date acquired Source of classification or shelving scheme Koha item type Lost status Withdrawn status Total Renewals Date last checked out Total Checkouts Shelving location Damaged status Barcode Checked out Current Location Full call number
2015-09-272025-07-31Library Block B 2015-09-27 AGR   2025-07-1110B050 RUA006041 Library Block BAGR VEN 2011 B050 Or.1
2015-09-272019-01-11Library Block B 2015-09-27 AGR   2018-12-315B050 RUA008214 Library Block BAGR VEN 2011 B050 Or.2
2015-09-292025-03-19Library Block B 2015-09-29 AGR   2025-03-192B050 RUA0189892025-04-23Library Block BAGR VEN 2011 B050 Or.4
2016-01-262024-04-24Library Block B 2016-01-26 AGR   2024-01-027B050 RUA046259 Library Block BAGR VEN 2011 B050 Or.5
2016-01-262021-10-18Library Block B 2016-01-26 AGR   2021-09-203B050 RUA046200 Library Block BAGR VEN 2011 B050 Or.6
2018-09-182018-09-18Library Block B 2018-09-18 AGR     B050 A34904 Library Block BAGR VEN 2011 B050 Or.7
2015-09-272025-12-25Library Block B 2015-09-27 AGR  12025-12-255B050 RUA0062002026-01-31Library Block DAGR VEN 2011 B050 Or.3
មជ្ឈមណ្ឌលឯការនៃសាកលវិទ្យាល័យភូមិន្ទកសិកម្មចំការដូង

Powered by Koha